000 00486nam a2200193Ia 4500
005 20240913130137.0
008 240913s9999||||xx |||||||||||||| ||und||
041 _aENGLISH
082 _A621.367 M2
100 _aRoserfeld,Azriel
245 0 _aDigital Picture Processing
250 _a2nd
260 _c1982
_bAcadamic Press,San Diego
500 _aREFERENCE
650 _aDigital Picture Processing
_bElectronics
700 _a kak Arinash C
942 _cREF
999 _c247067
_d247067